| 000 | 00653nam a2200205 i 4500 | ||
|---|---|---|---|
| 001 | 133762 | ||
| 003 | ES-MaACL | ||
| 005 | 20240228153119.0 | ||
| 007 | t| | ||
| 008 | 070828s1971 sp ||||1| spa d | ||
| 100 | 1 |
_aWoolman, David S. _9117363 |
|
| 245 | 1 | 0 |
_aAbd El-Krim y la guerra del Rif / _cDavid S. Woolman ; [versión de Margarita Gratacós]. |
| 250 | _a[1ª ed.]. | ||
| 260 |
_aBarcelona : _bOikos-Tau, _c[1971] |
||
| 300 |
_a278 p. : _bil. ; _c20 cm. |
||
| 651 | 4 |
_aEspaña- _xHistoria- _y1909-1925, Guerra de África _98280 |
|
| 700 | 1 |
_aGratacós, Margarita. _959719 |
|
| 852 |
_aES-MaACL _jC-45833 _bR.79273 |
||
| 999 |
_c133762 _d133762 |
||